000 009760000a22002170004500
020 _a0-9623741-2-1
041 0 _aENG.
082 0 4 _aG 070.5 E585u
100 1 _aEngland, Edward
245 1 0 _aAn unfading vision : the adventure of books / Edward England
260 _aEstados Unidos : Media Asociates International
300 _a184 Pag.
505 0 0 _athe adventure -- The dialogue -- first day -- why god? -- not for burying -- the dream -- the Nicodemus experience -- mushrooms -- the life-blood -- another life? -- books change people -- finding a title -- in the cold -- the myth -- marking wen whole -- god's book -- i believe -- stepping out
520 _aEste libro tiene el objetivo de capacitar y animar a escritores y editores cristianos en todo el mundo
650 1 4 _aEDITORES \ AUTOBIOGRAFIA \ AUTORES
001 14862
942 _cBK
999 _c43681
_d43681
336 _atexto
_btxt
_2rdacontent
337 _2rdamedia
_asin mediación
_bn
338 _2rdacarrier
_avolumen
_bnc